| 000 | 00691cam a2200241ua 4500 | ||
|---|---|---|---|
| 001 | 1639 | ||
| 008 | 110714n xxk |||gr||||Z||||||eng | ||
| 040 | _cMAIN | ||
| 082 | _a330.9 | ||
| 100 | 1 |
_aSalter, Arthur, _eAuthor. |
|
| 245 | 1 |
_aWorld`s economic crisis and the way of eacape _cby Arthur Salter |
|
| 250 | _a3rd. | ||
| 260 |
_aLondon: _bgeorge allen & Unwin Ltd.,932. |
||
| 300 | _a194p:9cm. | ||
| 653 | _aEconomics | ||
| 653 | _aWorld`s economic crisis and the way of escape | ||
| 700 |
_aStamp, Josiah, _eAuthor. |
||
| 700 |
_aKeynes, Maynard, _eAuthor. |
||
| 700 |
_aBlackett, Basil, _eAuthor. |
||
| 700 |
_aClay, Henry, _eAuthor. |
||
| 700 | _aBeveridge, W. H., | ||
| 942 | _cBK | ||
| 999 |
_c1526 _d1526 |
||